Временные горизонты стратегического конкурентного анализа; Энергия молодых - экономике России; Ч. 2

書誌詳細
Parent link:Энергия молодых - экономике России: труды IX Международной научно-практической конференции студентов и молодых ученых, г. Томск, 19-22 мая 2008 г./ Томский политехнический университет (ТПУ) ; Вольное экономическое общество России ; Международный союз экономистов (МСЭ).— , 2008
Ч. 2.— 2008.— С. 215-217
第一著者: Селевич Т. С. Татьяна Семеновна
言語:ロシア語
出版事項: 2008
主題:
フォーマット: MixedMaterials 図書の章
KOHA link:https://koha.lib.tpu.ru/cgi-bin/koha/opac-detail.pl?biblionumber=159635

MARC

LEADER 00000naa2a2200000 4500
001 159635
005 20240122154538.0
035 |a (RuTPU)RU\TPU\book\173143 
090 |a 159635 
100 |a 20090513d2008 k y0rusy50 ca 
101 0 |a rus 
102 |a RU 
200 1 |a Временные горизонты стратегического конкурентного анализа  |f Т. С. Селевич 
320 |a Библиогр.: 4 назв. 
461 1 |0 (RuTPU)RU\TPU\book\166087  |t Энергия молодых - экономике России  |o труды IX Международной научно-практической конференции студентов и молодых ученых, г. Томск, 19-22 мая 2008 г.  |f Томский политехнический университет (ТПУ) ; Вольное экономическое общество России ; Международный союз экономистов (МСЭ)  |d 2008 
463 0 |0 (RuTPU)RU\TPU\book\167192  |t Ч. 2  |v С. 215-217  |d 2008 
610 1 |a конкуренция 
610 1 |a анализ 
610 1 |a стратегический анализ 
610 1 |a экономический анализ 
610 1 |a мировая экономика 
610 1 |a воспроизводство 
610 1 |a труды учёных ТПУ 
700 1 |a Селевич  |b Т. С.  |c экономист  |c доцент Томского политехнического университета, кандидат экономических наук  |f 1980-  |g Татьяна Семеновна  |3 (RuTPU)RU\TPU\pers\25442  |9 11384 
801 1 |a RU  |b 63413507  |c 20090513  |g PSBO 
801 2 |a RU  |b 63413507  |c 20161122  |g RCR 
942 |c BK